000 00471cam a2200193ua 4500
001 5804
008 131028n ii |||gr||||Z||||||asm
040 _cMAIN
082 _a954.162
100 _aGogoi,Lila,
_eAuthor.
245 _aBuranjiye Katha Koy
_cby Lila Gogoi
250 _a1st ed.
260 _aDibrugarh:
_bStudents Emporium,
_c1991.
300 _a234p.
653 _aSouth Asia India
653 _aBuranjiye Katha Koy
653 _aAsom buranji
942 _cBK
999 _c4959
_d4959